Geography True or False #1 - Statistics

General Stats
  • This quiz has been taken 94 times
  • The average score is 17 of 20
Answer Stats
Question Answer % Correct
Greenland is larger than the country of Australia. False
100%
The terms "United Kingdom and "Great Britain" can be used interchangeably to name the country. False
100%
Texas is the largest US state. False
100%
The country of Uzbekistan is the only double-landlocked country. False
100%
Russia has the largest coastline out of any country. False
100%
Greenland is the largest island. True
100%
Norway shares a border with Russia. True
100%
There is a country that starts with the letter Y. True
100%
Singapore is an island nation. True
100%
The country of Bosnia and Herzegovina has a coast. True
100%
Maine is the easternmost US state. False
83%
Istanbul is the capital of Turkey. False
83%
Egypt is located in both Africa and Asia. True
83%
The state of New Hampshire has a coastline. True
83%
Florida is the closest US state to Africa. False
67%
There are four countries that share a four-corner border. False
67%
Brazil is larger than the 48 continental US states. True
67%
Brazil is larger than the rest of South America combined. False
50%
Canada and Denmark share a border. True
50%
Africa is the driest continent. (it gets the least precipitation) False
33%
No matching quizzes found
Score Distribution
Percent of People with Each Score
Percentile by Number Answered
Your Score History
You have not taken this quiz